00599 2200217 4500001002100000005001500021035002000036007000300056008004100059100001500100245008600115260004000201300002800241504001600269856001100285020001800296082000800314084001400322650003500336990001000371INLIS00000000000402720260108084259 a0010-0126000023ta260108 g 0 ind 0 aRiana Wati1 aParibasan, Bebasan, Lan Saloka :bBahasa Jawa /cRiana Wati & Djarot Heru Santosa aKlaten :bPT. Intan Pariwara,c2011 a60 hlm :bilus ;c25 cm aBibliografi aRak Z1 a979-28-1181-0 a418 a418 RIA p 4aParibasan, Bebasan, Lan Saloka a06650